000 00291nam a22001337a 4500
008 170831b xxu||||| |||| 00| 0 eng d
020 _a9780312448448
041 _aeng
080 _29TH
_a070
100 _a40
101 _aMED
245 _aWRITING THAT WORKS
_cOLIU,W.E
942 _2udc
_cBK
999 _c25686
_d25686